000 01108cam a22003255i 4500
001 16627955
003 EG-ScBUE
005 20230130103122.0
008 110128t2012 nyua f b 001 0 eng d
020 _a9780073526539
020 _a0073526533
040 _aDLC
_beng
_erda
_cDLC
_dYDX
_dBTCTA
_dYDXCP
_dDLC
_dEG-ScBUE
082 0 4 _222
_a770.1
_bBAR
100 1 _aBarrett, Terry,
_d1945-
_eauthor.
245 1 0 _aCriticizing photographs :
_ban introduction to understanding images /
_cTerry Barrett, University of North Texas, professor emeritus, The Ohio State University.
250 _aFifth edition.
264 1 _aNew York :
_bMcGraw Hill,
_c[2012]
264 4 _cc2012
300 _ax, 307 pages :
_billustrations ;
_c23 cm
336 _2rdacontent
_atext
_btxt
337 _2rdamedia
_aunmediated
_bn
338 _2rdacarrier
_avolume
_bnc
504 _aIncludes bibliographical references and index.
650 7 _aPhotography, Artistic.
_2BUEsh
_937552
650 7 _aPhotographic criticism.
_2BUEsh
651 _2BUEsh
653 _bCOMAME
_cFebruary2017
655 _vReading book
942 _2ddc
_cBB
999 _c24199
_d24171